Mrs Dalloway : A Critical Study / (Record no. 5458)
[ view plain ]
| 000 -LEADER | |
|---|---|
| fixed length control field | 00540nac a22001691u 4500 |
| 008 - FIXED-LENGTH DATA ELEMENTS--GENERAL INFORMATION | |
| fixed length control field | 150901b xxu||||| |||| 00| 0 eng d |
| 082 ## - DEWEY DECIMAL CLASSIFICATION NUMBER | |
| Classification number | 823 |
| Item number | WOL |
| 100 ## - MAIN ENTRY--PERSONAL NAME | |
| Personal name | Woolf, Virginia |
| 245 ## - TITLE STATEMENT | |
| Title | Mrs Dalloway : A Critical Study / |
| Statement of responsibility, etc | Virginia Woolf ;By Ramji Lall. |
| 260 ## - PUBLICATION, DISTRIBUTION, ETC. (IMPRINT) | |
| Place of publication, distribution, etc | New Delhi: |
| Name of publisher, distributor, etc | Surjeet Publications;c.1997. |
| Date of publication, distribution, etc | c.1997. |
| 300 ## - PHYSICAL DESCRIPTION | |
| Extent | p. |
| 500 ## - GENERAL NOTE | |
| General note | Distributer : Al Ahram. |
| 511 ## - PARTICIPANT OR PERFORMER NOTE | |
| Participant or performer note | Catalogued By : Mahitab. |
| 650 ## - SUBJECT ADDED ENTRY--TOPICAL TERM | |
| Topical term or geographic name as entry element | English Fiction - Critical Studies. |
| Source of heading or term | BUEsh |
| 651 ## - SUBJECT ADDED ENTRY--GEOGRAPHIC NAME | |
| Source of heading or term | BUEsh |
| 942 ## - ADDED ENTRY ELEMENTS (KOHA) | |
| Item type | Book - Borrowing |
| Call number prefix | 832.8WOL |
| Source of classification or shelving scheme | Dewey Decimal Classification |
| Withdrawn status | Item status | Materials specified (bound volume or other part) | Damaged status | Not for loan | Home library | Current library | Shelving location | Date acquired | Source of acquisition | Total Checkouts | Total Renewals | Full call number | Barcode | Date last seen | Date last borrowed | Koha item type |
|---|---|---|---|---|---|---|---|---|---|---|---|---|---|---|---|---|
| Lost_In_Inventory_11-6-2024 | Central Library | Central Library | Second Floor | 29/10/2007 | Purchase | 3 | 36 | 832.8WOL | 000006726 | 15/07/2025 | 10/10/2019 | Book - Borrowing |